<?xml version="1.0" encoding="UTF-8"?>
<collection xmlns:xsi="http://www.w3.org/2001/XMLSchema-instance" xsi:schemaLocation="http://www.loc.gov/MARC21/slim http://www.loc.gov/standards/marcxml/schema/MARC21slim.xsd" xmlns="http://www.loc.gov/MARC21/slim">
 <record>
  <leader>00000nam a2200000 i 4500</leader>
  <controlfield tag="001">UP-8027390931311820869</controlfield>
  <controlfield tag="003">Buklod</controlfield>
  <controlfield tag="005">20250408150844.0</controlfield>
  <controlfield tag="006">m    |o  d |      </controlfield>
  <controlfield tag="007">ta</controlfield>
  <controlfield tag="008">250408s2023    enka    rb   |001 0|eng d</controlfield>
  <datafield tag="020" ind1=" " ind2=" ">
   <subfield code="a">9781529609257 (pbk)</subfield>
  </datafield>
  <datafield tag="035" ind1=" " ind2=" ">
   <subfield code="a">22935342</subfield>
  </datafield>
  <datafield tag="037" ind1=" " ind2=" ">
   <subfield code="a">BC-75642</subfield>
   <subfield code="b">Mind Mover Publishing House Inc.</subfield>
   <subfield code="c">Php5,885.00</subfield>
   <subfield code="n">Department of Economics and Political Science</subfield>
  </datafield>
  <datafield tag="040" ind1=" " ind2=" ">
   <subfield code="a">DLC</subfield>
   <subfield code="d">BAG</subfield>
   <subfield code="e">rda</subfield>
  </datafield>
  <datafield tag="041" ind1="0" ind2=" ">
   <subfield code="a">eng</subfield>
  </datafield>
  <datafield tag="090" ind1=" " ind2="0">
   <subfield code="a">HF 5415.32</subfield>
   <subfield code="b">C66 2023</subfield>
  </datafield>
  <datafield tag="245" ind1="0" ind2="0">
   <subfield code="a">Consumer culture theory</subfield>
   <subfield code="c">edited by Eric J. Arnould [and three others].</subfield>
  </datafield>
  <datafield tag="250" ind1=" " ind2=" ">
   <subfield code="a">Second edition.</subfield>
  </datafield>
  <datafield tag="264" ind1=" " ind2="1">
   <subfield code="a">London</subfield>
   <subfield code="b">SAGE</subfield>
   <subfield code="c">[2023]</subfield>
  </datafield>
  <datafield tag="300" ind1=" " ind2=" ">
   <subfield code="a">xv, 373 pages</subfield>
   <subfield code="b">illustrations</subfield>
   <subfield code="c">25 cm</subfield>
  </datafield>
  <datafield tag="336" ind1=" " ind2=" ">
   <subfield code="a">text</subfield>
   <subfield code="2">rdacontent</subfield>
  </datafield>
  <datafield tag="337" ind1=" " ind2=" ">
   <subfield code="a">unmediated</subfield>
   <subfield code="2">rdamedia</subfield>
  </datafield>
  <datafield tag="338" ind1=" " ind2=" ">
   <subfield code="a">volume</subfield>
   <subfield code="2">rdacarrier</subfield>
  </datafield>
  <datafield tag="500" ind1=" " ind2=" ">
   <subfield code="a">First published in 2018.</subfield>
  </datafield>
  <datafield tag="504" ind1=" " ind2=" ">
   <subfield code="a">Includes bibliographical references and index.</subfield>
  </datafield>
  <datafield tag="505" ind1="0" ind2=" ">
   <subfield code="a">I. Consumer identity work. Identity and consumption / Joonas Rokka and Sofia Ulver -- Family and collective identity / Amber M. Epp and Tandy Chalmers Thomas -- The emotional and effective dimensions of consumer culture / Anil Isisag, Alev Pinar Kuruoglu, and Domen Bajde -- Critical reflections on consumer identity / David Crockett and Michelle F. Weinberger -- II. Marketplace cultures. Marketplace cultures / Bernard Cova, Avi Shankar, and Jack Coffin -- Social distinction and the practice of taste / Zeynep Arsel and Jonathan Bean -- Religion, spirituality, and consumption / Diego Rinallo and Jannsen Santana -- Globalization of marketplace cultures / Gokcen Coskuner-Balli and  Burcak Ertimur -- III. The socio-historic patterning of consumption. Social class / Paul Henry and Olga Kravels -- Gender(s), consumption, and markets / Luca M. Visconti, Pauline Maclaran ad Shona Bettany -- Race and Ethnicity / Samantha N.N Cross, Robert L. Harrison,  Lisa Penaloza, Rodrigo B. Castilhos, and Kevin D. Thomas -- Global mobilities / Zahra Sharifonnasabi, Marius K. Luedicke, Fleura Bardhi, and Ela Veresiu -- IV. Mass-mediated ideologies and consumers' interpretive strategies.  Market mythmaking and consumer culture / Craig J. Thompson, Eric J. Arnould, and Ela Veresiu -- Rethinking consumer resistance / Hunter Jones and Alan Bradshaw -- What are audiences and why do they matter? / Eileen Fischer, Marie-Agnes Parmentier , Cristel Antonia Russell, and Hope Jensen Schau -- Consumer movements / Johanna Gollnhofer and Henri Weijo.</subfield>
  </datafield>
  <datafield tag="650" ind1=" " ind2="0">
   <subfield code="a">Consumer behavior</subfield>
   <subfield code="x">Research.</subfield>
  </datafield>
  <datafield tag="650" ind1=" " ind2="0">
   <subfield code="a">Consumer behavior</subfield>
   <subfield code="x">Case studies.</subfield>
  </datafield>
  <datafield tag="650" ind1=" " ind2="0">
   <subfield code="a">Culture</subfield>
   <subfield code="x">Economic aspects.</subfield>
  </datafield>
  <datafield tag="650" ind1=" " ind2="0">
   <subfield code="a">Consumption (Economics)</subfield>
  </datafield>
  <datafield tag="700" ind1="1" ind2=" ">
   <subfield code="a">Arnould, Eric J.</subfield>
   <subfield code="e">editor.</subfield>
  </datafield>
  <datafield tag="700" ind1="1" ind2=" ">
   <subfield code="a">Thompson, Craig J.</subfield>
   <subfield code="e">editor.</subfield>
  </datafield>
  <datafield tag="700" ind1="1" ind2=" ">
   <subfield code="a">Crockett, David</subfield>
   <subfield code="e">editor.</subfield>
  </datafield>
  <datafield tag="700" ind1="1" ind2=" ">
   <subfield code="a">Weinberger, Michelle F.</subfield>
   <subfield code="e">editor.</subfield>
  </datafield>
  <datafield tag="905" ind1=" " ind2=" ">
   <subfield code="a">FO</subfield>
  </datafield>
  <datafield tag="852" ind1="0" ind2=" ">
   <subfield code="a">UPBAG</subfield>
   <subfield code="b">UPBAG-MAIN</subfield>
   <subfield code="h">HF 5415.32</subfield>
   <subfield code="i">C66 2023</subfield>
  </datafield>
  <datafield tag="942" ind1=" " ind2=" ">
   <subfield code="a">Book</subfield>
  </datafield>
 </record>
</collection>
